| 000 | 00841nam a2200301Ia 4500 | ||
|---|---|---|---|
| 001 | Z_4720 | ||
| 003 | CHAP | ||
| 008 | 220113s1994 xx 000 0 und d | ||
| 010 | _a167769 | ||
| 040 | _cCHAP | ||
| 090 | _aFolleto 620 | ||
| 100 |
_aOrtíz Ortíz, Gilberto A _984039 |
||
| 245 |
_aGanado lechero en pastoreo / _cpor Gilberto A Ortíz Ortíz |
||
| 260 |
_aXalapa, Ver. : _bINIFAP. Campo Experimental Xalapa, _c1994 |
||
| 300 | _a21 p. ; ilus. | ||
| 440 |
_aFolleto técnico no. 2 _9140503 |
||
| 500 | _a | ||
| 503 | _aC/E | ||
| 650 |
_aGanado lechero _xPastoreo _945284 |
||
| 650 |
_aGanado lechero _xVeracruz _945306 |
||
| 650 |
_aVeracruz _xGanado lechero I. INIFAP. Campo Experimental Xalapa _9142044 |
||
| 901 | _aFolleto 620 | ||
| 902 | _aA | ||
| 910 | _a1994 | ||
| 942 | _cc14 | ||
| 942 | _cc14 | ||
| 999 |
_c167769 _d167769 |
||